Normal view
MARC view
- Yogini Bhagwat - 2k161069; Prof.Ranjana Gogate - Guide & Mhetre Food Pvt. Ltd
Entry Personal Name
001 - CONTROL NUMBER
- control field: 105074
003 - CONTROL NUMBER IDENTIFIER
- control field: OSt
005 - DATE AND TIME OF LATEST TRANSACTION
- control field: 20221007221538.0
008 - FIXED-LENGTH DATA ELEMENTS
- fixed length control field: 221007|| aca||aabn | a|a d
040 ## - CATALOGING SOURCE
- Original cataloging agency: OSt
- Transcribing agency: OSt
100 ## - HEADING--PERSONAL NAME
- Personal name: Yogini Bhagwat - 2k161069; Prof.Ranjana Gogate - Guide & Mhetre Food Pvt. Ltd
670 ## - SOURCE DATA FOUND
- Source citation: Work cat.: (OSt)79974: Yogini Bhagwat - 2k161069; Prof.Ranjana Gogate - Guide & Mhetre Food Pvt. Ltd., A Study On Financial Ratio Analysis And Cash Flow Statement, 2016